000 01448cam a22004094a 4500
001 16640080
003 OSt
005 20150408114110.0
008 110201s2012 paua 001 0 eng
010 _a 2011004830
016 7 _a101553005
_2DNLM
020 _a9781605477459 (pbk. : alk. paper)
020 _a1605477451 (pbk. : alk. paper)
035 _a(OCoLC)ocn701450118
040 _aMa-Un
042 _apcc
050 0 0 _aQM31
_b.C54 2012
060 1 0 _aQS 18.2
082 0 0 _a611
_222
100 1 _aChung, Kyung Won.
_919503
245 1 0 _aGross anatomy /
_cKyung Won Chung, Harold M. Chung.
250 _a7th ed.
260 _aPhiladelphia, PA :
_bWolters Kluwer Health/Lippincott Williams & Wilkins,
_cc2012.
300 _axiii, 490 p. :
_bill. (some col.) ;
_c26 cm.
490 1 _aBoard review series
500 _aIncludes index.
504 _aIncludes bibliographical references and index.
505 0 _aUpper limb -- Lower limb -- Thorax -- Abdomen -- Perineum and pelvis -- Back -- Head and neck.
650 0 _aHuman anatomy
_vOutlines, syllabi, etc.
_919504
650 0 _aHuman anatomy
_vExaminations, questions, etc.
_916157
650 1 2 _aAnatomy
_vExamination Questions.
_916158
650 1 2 _aAnatomy
_vProgrammed Instruction.
_910679
700 1 _aChung, Harold M.
_919505
830 0 _aBoard review series.
_919506
942 _2ddc
_cBOOK
999 _c26818
_d261318